Age of information : (Record no. 171652)

MARC details
000 -LEADER
fixed length control field 01069nam a2200289 i 4500
001 - CONTROL NUMBER
control field 1CR9781108943321
003 - CONTROL NUMBER IDENTIFIER
control field OSt
005 - DATE AND TIME OF LATEST TRANSACTION
control field 20250422112014.0
008 - FIXED-LENGTH DATA ELEMENTS--GENERAL INFORMATION
fixed length control field 230206s2023 enka fob 001|0|eng|d
020 ## - INTERNATIONAL STANDARD BOOK NUMBER
Canceled/invalid ISBN 9781108837873 (hardcover)
040 ## - CATALOGING SOURCE
Original cataloging agency StDuBDS
Language of cataloging eng
Transcribing agency StDuBDS
Description conventions rda
Modifying agency NUST
050 #4 - LIBRARY OF CONGRESS CALL NUMBER
Classification number TK5101 AGE
245 00 - TITLE STATEMENT
Title Age of information :
Remainder of title foundations and applications /
Statement of responsibility, etc. edited by Nikolaos Pappas, Mohamed A Abd-Elmagid, Bo Zhou, Walid Saad and Harpreet S Dhillon.
260 ## - PUBLICATION, DISTRIBUTION, ETC.
Place of publication, distribution, etc. Cambridge :
Name of publisher, distributor, etc. Cambridge University Press,
Date of publication, distribution, etc. 2023.
300 ## - PHYSICAL DESCRIPTION
Extent xi, 482 pages :
Other physical details Illustrations ;
Dimensions 25 cm.
336 ## - CONTENT TYPE
Content type term text
Content type code txt
Source rdacontent
337 ## - MEDIA TYPE
Media type term unmediated
Media type code n
Source rdamedia
338 ## - CARRIER TYPE
Carrier type term volume
Carrier type code nc
Source rdacarrier
504 ## - BIBLIOGRAPHY, ETC. NOTE
Bibliography, etc. note Includes bibliographical references and index.
650 #0 - SUBJECT ADDED ENTRY--TOPICAL TERM
Form subdivision Telecommunication.
700 1# - ADDED ENTRY--PERSONAL NAME
Personal name Pappas, Nikolaos
Relator term Editor
700 1# - ADDED ENTRY--PERSONAL NAME
Personal name Abd-Elmagid, Mohamed A
Relator term Editor
700 1# - ADDED ENTRY--PERSONAL NAME
Personal name Zhou, Bo
Relator term Editor
700 1# - ADDED ENTRY--PERSONAL NAME
Personal name Saad, Walid
Relator term Editor
700 1# - ADDED ENTRY--PERSONAL NAME
Personal name Dhillon, Harpreet S
Relator term Editor
942 ## - ADDED ENTRY ELEMENTS (KOHA)
Source of classification or shelving scheme Library of Congress Classification
Koha item type Ordinary Loan Books
Classification part TK5101 AGE
Call number prefix TK
Call number suffix AGE
Suppress in OPAC No
Holdings
Withdrawn status Lost status Source of classification or shelving scheme Damaged status Not for loan Collection Home library Current library Shelving location Date acquired Source of acquisition Cost, normal purchase price Total Checkouts Full call number Barcode Date last seen Accession number Cost, replacement price Price effective from Koha item type Public note
    LCC     NFIC MAIN MAIN GEN 04/22/2025 Book Aid International 161.00   TK5101 AGE 92004055410 04/22/2025 61435 161.00 04/22/2025 BOOKS Donation